|
|
|
|
| LEADER |
00000nam a22000001a 4500 |
| 001 |
vtls009928364 |
| 003 |
SK-MaSNL |
| 005 |
20260301212320.0 |
| 008 |
240313s1978 xr 000 0 cze |
| 035 |
|
|
|a (SVKBBclas03)vtls000207393
|
| 040 |
|
|
|a SNK
|b slo
|c SNK
|e AACR2
|
| 041 |
0 |
|
|a cze
|
| 080 |
|
|
|a 338:91(075.3)
|2 1981
|
| 080 |
|
|
|a 656:91
|2 1981
|
| 100 |
1 |
|
|a Bubla, František
|4 aut
|9 597650
|
| 245 |
1 |
0 |
|a Hospodářský a spojový zeměpis
|n 1. část
|b pro 2. roč. SEŠ
|c František Bubla, Josef Novotný
|
| 250 |
|
|
|a 1. vyd.
|
| 260 |
|
|
|a Praha
|b Nakladatelství dopravy a spojů
|c 1978
|
| 300 |
|
|
|a 183 s.
|b lit.
|e 2 voľ. mp.
|
| 650 |
0 |
7 |
|a ekonomická geografia
|2 SNKPH
|9 841
|
| 650 |
0 |
7 |
|a geografia dopravy a spojov
|2 SNKPH
|9 1089
|
| 655 |
|
7 |
|a učebnice
|2 SNKPH
|9 22521
|
| 700 |
1 |
|
|a Novotný, Josef
|4 aut
|9 291860
|
| 852 |
|
|
|a Štátna vedecká knižnica v Banskej Bystrici
|
| 958 |
|
|
|a OND
|
| 999 |
|
|
|c 917835
|d 919765
|
| 952 |
|
|
|t 1 príl.
|a SNK
|b SNK
|y VYP
|7 0
|p 17A1116973
|o snkSC 43242/1/ príl. D1
|i snkKIP 2657/78
|0 0
|1 0
|4 0
|d 2014-11-27
|l 0
|r 2026-02-24 08:05:58
|w 2026-02-24
|
| 952 |
|
|
|a SNK
|b SNK
|y VYP
|7 0
|p 17A1116974
|o snkSC 43242/1 D1
|i snkKIP 2657/78
|0 0
|1 0
|4 0
|d 2014-11-27
|l 0
|r 2026-02-24 08:05:58
|w 2026-02-24
|